01723cam a22004454i 4500003000900000005001700009008004100026020001500067035002700082040003300109049000900142082002100151100002700172245014600199264006100345300006400406336002100470337002500491338002300516505008900539526001000628526001000638526001000648526001000658526000800668526000800676526000800684526000800692526000800700526000800708526000800716630003500724942001400759949012400773994001400897596000600911999014900917980005501066952015601121PE-LiUPU20250731173001.0150623s r 000 0 d a1565631439 a(Sirsi) i9781565631434 aPE-LiUPUbspacPE-LiUPUerda aPRUA04a220.902bF542211 aFinegan, Jack,eautor.10aHandbook of biblical chronology :bprinciples of time reckoning in the ancient world and problems of chronology in the Bible /cJack Finegan. 1aPeabody, Massachusetts :bHendrickson Publishers,c1998. a426 páginas :bilustraciones, cuadros ;c24 centímetros atext2rdacontent aunmediated2rdamedia avolume2rdacarrier0 aPrinciples of Chronology in the ancient world. -Problems of chronology in the Bible. aSEG42 aSEG41 aSEG40 aSEG39 aP94 aP87 aP86 aP85 aP77 aP76 aP35 aBibliaxCronologíavManuals. 2ddccBOOK a220.902 F54wDEWEYc1i45520lCCODEBUL1mBULr0sYtBOOKu2015-6-24xTEOLOGIAPP350COMPRAo.STAFF. Colección General aC0bPEPRU a1 a220.902 F54wDEWEYc22381i45520f2021-11-9g5lCCODEBUL1mBULr0sYtBOOKu2015-6-24xTEOLOGIAPP350COMPRAo.STAFF. Colección Generald22381 81gALBERTO SANCHEZ Responsable de Automatización r2025-12-02 00:00:00i6l0o220.902 F54p45520te1w2015-06-24xFTyBKzinventario-2023-12-13102ddc50708GENfP35aBULbBULcGENd2015-06-24eCOMPRA